<?xml version="1.0" encoding="UTF-8"?>
<record
    xmlns:xsi="http://www.w3.org/2001/XMLSchema-instance"
    xsi:schemaLocation="http://www.loc.gov/MARC21/slim http://www.loc.gov/standards/marcxml/schema/MARC21slim.xsd"
    xmlns="http://www.loc.gov/MARC21/slim">

  <leader>00492nam a22001817a 4500</leader>
  <controlfield tag="005">20240508171331.0</controlfield>
  <datafield tag="010" ind1=" " ind2=" ">
    <subfield code="a">ENG-140214</subfield>
  </datafield>
  <datafield tag="020" ind1=" " ind2=" ">
    <subfield code="c">75.00</subfield>
    <subfield code="a">9789384761110</subfield>
  </datafield>
  <datafield tag="035" ind1=" " ind2=" ">
    <subfield code="a">EN-123746</subfield>
  </datafield>
  <datafield tag="037" ind1=" " ind2=" ">
    <subfield code="b">DBAD</subfield>
  </datafield>
  <datafield tag="082" ind1=" " ind2=" ">
    <subfield code="a">004.1</subfield>
  </datafield>
  <datafield tag="100" ind1=" " ind2=" ">
    <subfield code="a">Ahilya, Rani</subfield>
    <subfield code="9">65991</subfield>
  </datafield>
  <datafield tag="245" ind1=" " ind2=" ">
    <subfield code="a">Computer/</subfield>
    <subfield code="c">by Rani Ahilya</subfield>
  </datafield>
  <datafield tag="260" ind1=" " ind2=" ">
    <subfield code="a">Bihar</subfield>
    <subfield code="b">Lucent Publication</subfield>
    <subfield code="c">2007</subfield>
  </datafield>
  <datafield tag="270" ind1=" " ind2=" ">
    <subfield code="b">Patna</subfield>
    <subfield code="a">New Bypass Road, Ashochak</subfield>
    <subfield code="e">800030</subfield>
  </datafield>
  <datafield tag="300" ind1=" " ind2=" ">
    <subfield code="a">228p.</subfield>
    <subfield code="c">21cm(pbk)</subfield>
  </datafield>
  <datafield tag="942" ind1=" " ind2=" ">
    <subfield code="2">ddc</subfield>
    <subfield code="c">EN</subfield>
    <subfield code="h">004.1</subfield>
    <subfield code="m">AHI</subfield>
  </datafield>
  <datafield tag="999" ind1=" " ind2=" ">
    <subfield code="c">202272</subfield>
    <subfield code="d">202272</subfield>
  </datafield>
  <datafield tag="952" ind1=" " ind2=" ">
    <subfield code="0">0</subfield>
    <subfield code="1">0</subfield>
    <subfield code="4">0</subfield>
    <subfield code="7">0</subfield>
    <subfield code="8">NFIC</subfield>
    <subfield code="a">AV</subfield>
    <subfield code="b">AV</subfield>
    <subfield code="d">2024-04-18</subfield>
    <subfield code="e">DBAD</subfield>
    <subfield code="g">75.00</subfield>
    <subfield code="l">1</subfield>
    <subfield code="o">004.1 AHI</subfield>
    <subfield code="p">EN-123746</subfield>
    <subfield code="r">2025-12-16 00:00:00</subfield>
    <subfield code="s">2025-09-16</subfield>
    <subfield code="t">1</subfield>
    <subfield code="v">75.00</subfield>
    <subfield code="w">2024-04-18</subfield>
    <subfield code="y">EN</subfield>
  </datafield>
</record>
